|
|
|
|
| LEADER |
00000cam a2200000 a 4500 |
| 001 |
vtls009189140 |
| 003 |
SK-MaSNL |
| 005 |
20260302005619.0 |
| 008 |
240318s2008 xr oab g n 001 0 cze |
| 020 |
|
|
|a 9788072624737
|q (viaz.)
|
| 040 |
|
|
|a SNK
|b slo
|c SNK
|e AACR2
|
| 041 |
0 |
|
|a cze
|
| 044 |
|
|
|a xr
|c CZ
|
| 072 |
|
7 |
|a 615
|x Farmácia. Farmakológia
|2 konspekt
|
| 080 |
|
|
|a 598.115:615.919
|2 2001
|
| 080 |
|
|
|a 615.9
|2 2011
|
| 080 |
|
|
|a 616-08
|2 2011
|
| 080 |
|
|
|a (048.8)
|2 2011
|
| 100 |
1 |
|
|a Valenta, Jiří,
|d 1951-
|4 aut
|9 176305
|
| 245 |
1 |
0 |
|a Jedovatí hadi
|b intoxikace, terapie
|c Jiří Valenta
|
| 250 |
|
|
|a 1. vyd.
|
| 260 |
|
|
|a Praha
|b Galén
|c 2008
|
| 300 |
|
|
|a 401 s.
|b fareb. fotogr., ilustr., mapy
|c 23 cm
|
| 504 |
|
|
|a Bibliografické odkazy ; register ; slovníček odborných výrazov ; zoznam použitých skratiek
|
| 650 |
0 |
7 |
|a jedovaté hady
|2 SNKPH
|9 86102
|
| 650 |
0 |
7 |
|a jedy
|2 SNKPH
|9 78328
|
| 650 |
0 |
7 |
|a intoxikácia
|2 SNKPH
|9 27403
|
| 650 |
0 |
7 |
|a terapia
|2 SNKPH
|9 781
|
| 650 |
0 |
7 |
|a Poisonous snakes
|2 SNKPHeng
|9 647276
|
| 650 |
0 |
7 |
|a poisons
|2 SNKPHeng
|9 647277
|
| 650 |
0 |
7 |
|a Poisoning
|2 SNKPHeng
|9 324713
|
| 650 |
0 |
7 |
|a Therapy
|2 SNKPHeng
|9 267006
|
| 655 |
|
7 |
|a monografie
|2 SNKPH
|9 70139
|
| 655 |
|
7 |
|a Monographs
|2 SNKPHeng
|9 120675
|
| 919 |
|
|
|a 978-80-7262-473-7
|
| 958 |
|
|
|a NB
|
| 999 |
|
|
|c 1000121
|d 1002051
|
| 952 |
|
|
|a SNK
|b SNK
|y VYP
|7 0
|p 17A1305938
|o snkIC 143762
|i snk2017/27374
|8 4
|g 19.28
|0 0
|1 0
|4 0
|d 2017-11-16
|l 0
|r 2026-02-24 12:16:56
|w 2026-02-24
|